01233nam a2200325 a 4500001001100000003000800011006001900019007001500038008004100053015001500094016001900109020001500128020002100143040002100164035002100185050002400206082001700230100002300247245009500270260003700365300002300402504005100425533015200476650005700628655002900685700003200714710001700746856012500763999001900888ebr2002946CaPaEBRm u cr cn|||||||||010910s2000 enka sb 001 0 eng  aGBA0-406697 a03337330372Uk z0333733037 z0333733045(pbk.) aCaPaEBRcCaPaEBR a(OCoLC)55947187514aHD70.E8bL39 2000eb04a658.00942211 aLawrence, Peter A.10aManagement in Western Europeh[electronic resource] /cPeter Lawrence and Vincent Edwards. aBasingstoke :bMacmillan,c2000. aix, 251 p. :bill. aIncludes bibliographical references and index. aElectronic reproduction.bPalo Alto, Calif. :cebrary,d2013.nAvailable via World Wide Web.nAccess may be limited to ebrary affiliated libraries. 0aManagementzEurope, WesternvCross-cultural studies. 7aElectronic books.2local1 aEdwards, Vince,d1928-1996.2 aebrary, Inc.40uhttp://site.ebrary.com/lib/rucke/Doc?id=2002946zAn electronic book accessible through the World Wide Web; click to view c123478d123478